000 00331nam a22001217a 4500
008 160430b xxu||||| |||| 00| 0 eng d
020 _a9780721660462
020 _a0721660460
041 _aeng
080 _a618.2
245 _aFrom nursing assistant to patient care technician :
_cDonna J.Brust; Joyce A. Foster;
942 _2udc
_cBK
999 _c1702
_d1702